000 00718cam a2200217 i 4500
999 _c110437
_d110437
001 19399408
005 20190130093319.0
008 161206s2017 cau b 001 0 eng
020 _a9781119337188 (pbk.)
040 _cPK-LaUMT
082 0 0 _a610.68
_223
_bWAG-H
100 1 _aWager, Karen A.
245 1 0 _aHealth care information systems :
_ba practical approach for health care management /
_cKaren A. Wager, Frances Wickham Lee, and John P. Glaser.
250 _a4th ed.
260 _aHoboken :
_bJossey-Bass,
_c2017
300 _axxvi, 580 p. ;
_c24 cm
650 1 2 _aHealth Information Systems
_xorganization & administration
700 1 _aLee, Frances Wickham,
700 1 _aGlaser, John P.
942 _cBK